| 000 | 01138cam a2200325 a 4500 | ||
|---|---|---|---|
| 001 | 7649 | ||
| 003 | BD-RjUL | ||
| 005 | 20211208234442.0 | ||
| 008 | 140115t20041997nyu b 001 0 eng d | ||
| 020 | _a0471128449 (cloth :alk. paper) | ||
| 035 | _a(BD-RjUL)7693 | ||
| 035 | _a(OCoLC)34894415 | ||
| 040 |
_aDLC _cDLC _dC#P _dMYG _dBD-RjUL _beng |
||
| 041 | _aeng | ||
| 082 | 0 | 0 |
_a519.24 _220 _bJOD 2004 |
| 100 | 1 |
_aJohnson, Norman Lloyd. _921504 |
|
| 245 | 1 | 0 |
_aDiscrete multivariate distributions / _cby Norman L. Johnson, Samuel Kotz, N. Balakrishnan. |
| 260 |
_aNew York : _bJ. Wiley, _cc1997 c2004. |
||
| 300 |
_axxii, 299 p. ; _c22 cm. |
||
| 490 | 1 | _aWiley series in probability and statistics. Applied probability and statistics | |
| 500 | _a"A Wiley-Interscience publication." | ||
| 504 | _aIncludes bibliographical references and indexes. | ||
| 650 | 0 |
_aDistribution (Probability theory) _920785 |
|
| 700 | 1 |
_aKotz, Samuel. _923857 |
|
| 700 | 1 |
_aBalakrishnan, N., _d1956- _923858 |
|
| 830 | 0 |
_aWiley series in probability and statistics. _923864 |
|
| 942 |
_2ddc _cBK |
||
| 999 |
_c7649 _d7649 |
||